Isolation and toxin typing of clostridium perfringens from Sungai Selangor and Sungai Bernam /
Saved in:
| Main Author: | |
|---|---|
| Format: | Thesis Book |
| Language: | English |
| Published: |
2009.
|
| Subjects: | |
| Online Access: | http://studentsrepo.um.edu.my/id/eprint/4288 |
| Tags: |
Add Tag
No Tags, Be the first to tag this record!
|
| LEADER | 01273cam a2200313 a 4500 | ||
|---|---|---|---|
| 001 | u796833 | ||
| 003 | SIRSI | ||
| 005 | 201009071133 | ||
| 008 | 100907s2009 my a t 000 0 eng m | ||
| 040 | |a UMM | ||
| 043 | |a a-my-se | ||
| 090 | |a QH302 |b UM 2009 Lee | ||
| 100 | 1 | |a Lee, Florence Chi Hiong. | |
| 245 | 1 | 0 | |a Isolation and toxin typing of clostridium perfringens from Sungai Selangor and Sungai Bernam / |c Florence Lee Chi Hiong. |
| 260 | |c 2009. | ||
| 300 | |a [14], 121 leaves : |b ill. ; |c 30 cm. | ||
| 502 | |a Dissertation (M.Sc.) -- Institut Sains Biologi, Fakulti Sains, Universiti Malaya, 2009. | ||
| 504 | |a Bibliography: leaves 104-121. | ||
| 650 | 0 | |a Clostridium perfringens |x Isolation. | |
| 650 | 0 | |a Toxins |x Identification. | |
| 650 | 0 | |a Bacterial pollution of water |z Selangor |z Sungai Selangor. | |
| 650 | 0 | |a Bacterial pollution of water |z Selangor |z Sungai Bernam. | |
| 650 | 0 | |a Water |x Pollution |z Selangor |z Sungai Selangor. | |
| 650 | 0 | |a Water |x Pollution |z Selangor |z Sungai Bernam. | |
| 710 | 2 | |a Universiti Malaya. |b Institut Sains Biologi. | |
| 856 | 4 | 1 | |u http://studentsrepo.um.edu.my/id/eprint/4288 |
| 900 | |a ZA | ||
| 596 | |a 1 | ||
| 999 | |a QH302 UM 2009 LEE |w LC |c 1 |i A514476181 |d 16/5/2017 |e 16/5/2017 |f 28/3/2011 |g 1 |l STACKS |m P01UTAMA |n 1 |r Y |s Y |t TESIS |u 25/3/2011 | ||
